[Event "Kinross USSA (Women) op"]
[Site "Kinross"]
[Date "2018.07.02"]
[Round "2"]
[White "Kroukamp, Marichion"]
[Black "Engelbrecht, Liezl"]
[Result "0-1"]
[WhiteElo "926"]
[BlackElo "1520"]
[PlyCount "48"]
[EventDate "2018.07.02"]
[EventType "swiss"]
[EventRounds "9"]
[EventCountry "RSA"]
[SourceTitle "CBM 185 Extra"]
[Source "ChessBase"]
[SourceDate "2018.07.29"]
[SourceVersion "1"]
[SourceVersionDate "2018.07.29"]
[SourceQuality "1"]

1. d4 e6 2. e3 d5 3. Nf3 c5 4. c3 Nc6 5. Be2 Nf6 6. 0-0 Be7 7. b3 0-0 8. c4 cxd4 9. exd4 b6 10. Nc3 Ba6 11. h3 h6 12. Be3 Rc8 13. Rc1 Ba3 14. Rc2 Bb4 15. cxd5 Bxe2 16. Qxe2 Nxd5 17. Nxd5 Qxd5 18. Rd1 Rfd8 19. Kf1 Qe4 20. h4 Be7 21. g3 e5 22. Rcd2 exd4 23. Bxd4 Rxd4 24. Nxd4 Qh1# 0-1